Ecological impact of natural rubber, teak and jarul plantations (Record no. 52499)

MARC details
000 -LEADER
fixed length control field 00846nam a2200241Ia 4500
100 ## - MAIN ENTRY--AUTHOR NAME
Personal name Jacob J.[a]
245 #0 - TITLE STATEMENT
Title Ecological impact of natural rubber, teak and jarul plantations
260 ## - PUBLICATION, DISTRIBUTION, ETC. (IMPRINT)
Name of publisher In: Plantation crops research and development in the new millennium: Placrosym XIV, 12-15 December 2000, Hyderabad, India. (Eds. P. Rethinam, H.H. Khan, V.M. Reddy, P.K. Mandal and K. Suresh). Coconut Development Board, Kochi, India, pp. 365-369
Year of publication 2002
650 ## - SUBJECT ADDED ENTRY--TOPICAL TERM
Topical Term Ecological impact
650 ## - SUBJECT ADDED ENTRY--TOPICAL TERM
Topical Term Jarul plantation
650 ## - SUBJECT ADDED ENTRY--TOPICAL TERM
Topical Term Natural rubber
650 ## - SUBJECT ADDED ENTRY--TOPICAL TERM
Topical Term Soil property
650 ## - SUBJECT ADDED ENTRY--TOPICAL TERM
Topical Term Teak
700 ## - ADDED ENTRY--PERSONAL NAME
Personal name Chaudhuri D.
700 ## - ADDED ENTRY--PERSONAL NAME
Personal name Deka H.K.
700 ## - ADDED ENTRY--PERSONAL NAME
Personal name Devakumar A.S.
700 ## - ADDED ENTRY--PERSONAL NAME
Personal name Mandal D.
700 ## - ADDED ENTRY--PERSONAL NAME
Personal name Meti S.
700 ## - ADDED ENTRY--PERSONAL NAME
Personal name Singh R.P.
700 ## - ADDED ENTRY--PERSONAL NAME
Personal name Thapliyal A.P.
942 ## - ADDED ENTRY ELEMENTS (KOHA)
Koha item type Bibliography STAF
Holdings
Withdrawn status Lost status Damaged status Not for loan Home library Current library Date acquired Koha item type
      Bibliography RRII Library RRII Library 09/04/2014 Bibliography STAF